000 00256nam a2200109 a 4500
005 20140414132056.0
008 100520s19uu xx 00 eng d
050 _aREF 629.4
_bD53 1995
245 _aDictionary of space.
650 _aSpace
999 _c114318
_d114318